| 000 | 01196 a2200313 4500 | ||
|---|---|---|---|
| 020 | _a0120887355 | ||
| 020 | _a9780120887354 | ||
| 082 | 0 | 4 | _a516.36 |
| 090 |
_c123 _d123 |
||
| 100 | 1 | _aO'Neill, Barrett. | |
| 245 | 1 | 0 |
_aElementary differential geometry, revised 2nd edition, second edition / _cBarrett O'Neill. |
| 250 | _a2nd ed. | ||
| 260 |
_a[S.l.] : _bAcademic Press, _c2006. |
||
| 300 |
_a520 p. ; _c24 cm. |
||
| 500 | _aHardcover. | ||
| 650 | 4 | _aScience/Mathematics. | |
| 650 | 4 | _aScience & Mathematics: Textbooks & Study Guides. | |
| 650 | 4 | _aCalculus & mathematical analysis. | |
| 650 | 4 | _aDifferential & Riemannian geometry. | |
| 650 | 4 | _aMathematics. | |
| 650 | 4 | _aMathematical Analysis. | |
| 650 | 4 | _aGeometry - Differential. | |
| 650 | 4 | _aMathematics / Geometry / Differential. | |
| 650 | 4 | _aMathematics / Mathematical Analysis. | |
| 650 | 4 | _aGeometry, Differential. | |
| 942 |
_aSNS _cBK _k516.36 ONE |
||
| 999 |
_c28762 _d28762 |
||